The Business Bible : ten commandments for creating an ethical workplace

Bibliographic Details
Main Author: Dosick, Wayne D
Format: Book
Published: New York : William Morrow & Company , 1993
Subjects:

MARC

LEADER 00000cam a2200000 7i4500
001 0000003144
002 000003400
005 20000330.0
020 |a 068812237X 
090 0 0 |a 174.4   |b DOS 
100 1 |a Dosick, Wayne D 
245 1 4 |a The Business Bible :   |b ten commandments for creating an ethical workplace   |c Wayne D.Dosick 
260 |a New York :   |b William Morrow & Company ,   |c 1993 
300 |a 207p. ;   |c 21cm. 
650 0 0 |a Business ethics 
999 |a 036734   |b BUKU   |c PINJAMAN   |e PERPUSTAKAAN KOMUNITI PETALING JAYA